00824nam a2200229Ia 450000500170000000800390001702000150005608200180007110000200008924501340010925000190024330000430026265000320030565000320033765000280036965000400039726400340043733600270047133700330049833800280053104000350055920220317000647.0160601s2003 ag a g 000 0 spa a950121098704a658.31 bG19s1 aGay, Charles L.13aLa subcontratación de bienes y servicios buna guía práctica para el manejo de los recursos estratégicos cCharles L. Gay a1a. edición  a223 páginas bilustraciones c22 cm 142LEMBaContratos de trabajo 142LEMBaContratos de servicio142LEMBaRecursos humanos 142LEMBaAdministración de personal  aBuenos Aires bPaidósc2003 atextobtxt2rdacontent asin mediaciónbn2rdamedia avolumenbnc2rdacarrier aCO-BoRNBPbspaerdacCO-BoRNBP